[Event "ch-Africa 2025"]
[Site "Kerdasa EGY"]
[Date "2025.05.14"]
[Round "3.8"]
[White "Abdallah, Mohamed Khalil"]
[Black "Kandil, Adham"]
[Result "1/2-1/2"]
[WhiteTitle "CM"]
[BlackTitle "IM"]
[WhiteElo "2123"]
[BlackElo "2265"]
[WhiteFideId "5529506"]
[BlackFideId "10618490"]
[EventDate "2025.05.13"]

1. d4 Nf6 2. c4 e6 3. Nf3 b6 4. g3 Bb7 5. Bg2 Be7 6. O-O O-O 7. Nc3 Ne4 8. Qc2
Nxc3 9. Qxc3 d6 10. b3 Nd7 11. Bb2 a5 12. a3 Qc8 13. Rfd1 f5 14. Rac1 Bf6 15.
Qd2 h6 16. b4 axb4 17. axb4 Be4 18. Ne1 Ra2 19. Ra1 Qa8 20. Bxe4 fxe4 21. Qc2
Bxd4 22. Rxa2 Bxf2+ 23. Kh1 Qxa2 24. Ra1 Qxa1 25. Bxa1 Bxe1 26. Qxe4 e5 27. c5
bxc5 28. bxc5 Nf6 29. Qf5 Bb4 30. cxd6 cxd6 31. Bb2 Bc5 32. Bc1 Nh7 33. Qh3 Ra8
34. Kg2 Rf8 35. Kh1 Kh8 36. Bd2 Rf2 37. Be1 Rf6 38. Bd2 Nf8 39. Bg5 Rf2 40. Be7
Ng6 41. Bg5 Kg8 42. Qh5 Nh8 43. Bd2 Nf7 44. h4 Rf1+ 45. Kg2 Rd1 46. Ba5 Rg1+ 47.
Kh2 Ra1 48. Bd2 Ra2 49. Bc3 Ra3 50. Be1 d5 51. Kg2 Ra6 52. Bf2 Bf8 53. Qf3 Ra5
54. Qb3 d4 55. Be1 Ra8 56. Qb7 Ra1 57. Bf2 Ra2 58. Qe4 Bd6 59. Kg1 Rb2 60. g4
Rb4 61. Qg6 Rb2 62. Qe6 Rb6 63. Qd5 Be7 64. Qe4 g6 65. Bg3 Re6 66. Kg2 Kg7 67.
Qd5 Rd6 68. Bxe5+ Nxe5 69. Qxe5+ Kf7 70. Qf4+ Kg7 71. Qe5+ Kf7 72. Qh8 Bf8 73.
Qe5 Be7 74. Kf3 1/2-1/2

[Event "ch-Africa 2025"]
[Site "Kerdasa EGY"]
[Date "2025.05.14"]
[Round "3.10"]
[White "Ashraf, Shereif"]
[Black "Nsubuga, Haruna"]
[Result "1-0"]
[WhiteTitle "FM"]
[BlackTitle "FM"]
[WhiteElo "2264"]
[BlackElo "2137"]
[WhiteFideId "10618260"]
[BlackFideId "10000569"]
[EventDate "2025.05.13"]

1. d4 d5 2. c4 e6 3. Nf3 Be7 4. g3 Nf6 5. Bg2 O-O 6. O-O b6 7. cxd5 exd5 8. Nc3
c5 9. Ne5 Bb7 10. dxc5 bxc5 11. Qb3 Bc6 12. Rd1 Qc7 13. Nxc6 Nxc6 14. Bf4 Qa5
15. Nxd5 Nxd5 16. Rxd5 Nd4 17. Qc4 Qb6 18. b3 Rac8 19. e3 Nc6 20. Rad1 Rcd8 21.
h4 Nb4 22. Rxd8 Rxd8 23. Rxd8+ Qxd8 24. a3 Qd1+ 25. Qf1 Qxf1+ 26. Bxf1 Nc6 27.
Bg2 Nd8 28. Kf1 Kf8 29. Bb8 a6 30. Bd5 Ke8 31. Be5 f6 32. Bc3 Kd7 33. Bc4 Kc6
34. Bxa6 Nf7 35. Bd3 h6 36. Ke2 Bd6 37. f4 Bc7 38. Be4+ Kb6 39. Kf3 Nd6 40. Bd5
h5 41. a4 Ka6 42. e4 Ba5 43. Bb2 Be1 44. g4 hxg4+ 45. Kxg4 Kb6 46. h5 Ne8 47. e5
Bf2 48. exf6 Bd4 49. Bxd4 cxd4 50. fxg7 Nxg7 51. h6 Ne8 52. Kf3 d3 53. h7 Nf6
54. h8=Q Nxd5 55. Qd4+ 1-0

[Event "ch-Africa 2025"]
[Site "Kerdasa EGY"]
[Date "2025.05.14"]
[Round "3.12"]
[White "Oluka Robert Mcligeyo"]
[Black "Sameh Mohamed, Abdalrahman"]
[Result "1/2-1/2"]
[WhiteTitle "CM"]
[BlackTitle "IM"]
[WhiteElo "2047"]
[BlackElo "2211"]
[WhiteFideId "10814647"]
[BlackFideId "54262674"]
[EventDate "2025.05.13"]

1. Nf3 Nc6 2. d4 Nf6 3. g3 g6 4. Bg2 Bg7 5. O-O O-O 6. c4 d6 7. Nc3 e5 8. dxe5
dxe5 9. Qd4 Qd6 10. Qxd6 Rd8 1/2-1/2

[Event "ch-Africa 2025"]
[Site "Kerdasa EGY"]
[Date "2025.05.14"]
[Round "3.13"]
[White "Tamer Waguih, Farid"]
[Black "Sayed, Hany"]
[Result "1-0"]
[WhiteTitle "FM"]
[WhiteElo "2206"]
[BlackElo "2033"]
[WhiteFideId "10685723"]
[BlackFideId "10605878"]
[EventDate "2025.05.13"]

1. e4 c5 2. Nf3 d6 3. d4 cxd4 4. Nxd4 Nf6 5. Nc3 a6 6. Be3 e5 7. Nf3 Be6 8. Ng5
Qc7 9. Nxe6 fxe6 10. Qf3 b5 11. Qh3 Kf7 12. O-O-O b4 13. Nb1 Nbd7 14. g4 Rc8 15.
Bd3 g6 16. f4 h5 17. g5 Ng4 18. f5 Qc6 19. Nd2 gxf5 20. exf5 d5 21. fxe6+ Kxe6
22. Qf3 Nxe3 23. Qxe3 Bc5 24. Qe2 Qa4 25. Nb3 Qxa2 26. Bc4 Be3+ 27. Qxe3 Rxc4
28. Qd3 Rc5 29. Nxc5+ Nxc5 30. Qg6+ Kd7 31. Rhf1 Nb3+ 32. cxb3 Rc8+ 33. Kd2
Qxb2+ 34. Ke1 Qc3+ 35. Kf2 Qc2+ 36. Qxc2 Rxc2+ 37. Kg3 d4 38. Rf2 Rc3+ 39. Kh4
Ke6 40. g6 Rc8 41. g7 Rg8 42. Rg1 Ke7 43. Rf5 Ke6 44. Rf8 Rxg7 45. Rg3 Rg6 46.
Rxg6+ 1-0

[Event "ch-Africa 2025"]
[Site "Kerdasa EGY"]
[Date "2025.05.14"]
[Round "3.14"]
[White "Alhassadi, Yousef A."]
[Black "Abdin, Mahmoud"]
[Result "1/2-1/2"]
[WhiteTitle "FM"]
[WhiteElo "2165"]
[BlackElo "1993"]
[WhiteFideId "9204725"]
[BlackFideId "10653376"]
[EventDate "2025.05.13"]

1. e4 c5 2. c3 Nf6 3. e5 Nd5 4. Bc4 Nb6 5. Bb3 d6 6. exd6 Qxd6 7. Na3 Bf5 8. d4
cxd4 9. Nb5 Qc6 10. a4 e6 11. Nf3 dxc3 12. O-O Bg4 13. Nbd4 Bxf3 14. gxf3 Qd6
15. bxc3 Na6 16. Re1 Nc5 17. a5 Nbd7 18. Ba3 Qf4 19. a6 Bd6 20. axb7 Qxh2+ 21.
Kf1 Rb8 22. Nf5 Bf8 23. Bc2 Qh1+ 24. Ke2 Qh2 25. Kf1 Qh1+ 1/2-1/2

[Event "ch-Africa 2025"]
[Site "Kerdasa EGY"]
[Date "2025.05.14"]
[Round "3.15"]
[White "Mena, Martin"]
[Black "El Ghazali, Youssef M."]
[Result "1-0"]
[WhiteTitle "FM"]
[BlackTitle "IM"]
[WhiteElo "2044"]
[BlackElo "2149"]
[WhiteFideId "10651225"]
[BlackFideId "10600167"]
[EventDate "2025.05.13"]

1. d4 Nf6 2. Nf3 e6 3. Bf4 c5 4. e3 Nc6 5. c3 d5 6. Nbd2 Be7 7. Bd3 h6 8. O-O
O-O 9. Ne5 Bd7 10. Bb1 Rc8 11. Ndf3 Ne8 1-0

[Event "ch-Africa 2025"]
[Site "Kerdasa EGY"]
[Date "2025.05.14"]
[Round "3.17"]
[White "Hossam Mohamed, Adham"]
[Black "Khalil, Ahmed Salem"]
[Result "1/2-1/2"]
[WhiteTitle "CM"]
[BlackTitle "CM"]
[WhiteElo "2014"]
[BlackElo "2102"]
[WhiteFideId "10669671"]
[BlackFideId "10616624"]
[EventDate "2025.05.13"]

1. e4 d6 2. d4 g6 3. Nc3 Bg7 4. Bg5 a6 5. Nf3 b5 6. Bd3 Bb7 7. a4 b4 8. Ne2 Nd7
9. O-O h6 10. Bd2 c5 11. c3 a5 12. Re1 e6 13. Nf4 Ne7 14. Qb3 Ba6 15. Bxa6 Rxa6
16. Qc4 Rb6 17. cxb4 cxb4 18. Be3 Rb8 19. Rec1 Nf6 20. Nd2 d5 21. exd5 Nfxd5 22.
Nxd5 Nxd5 23. Qc6+ Qd7 24. Nb3 Qxc6 25. Rxc6 Kd7 26. Rc5 Rhc8 27. Rac1 Nb6 28.
Rxa5 Rxc1+ 29. Bxc1 Ra8 30. Rb5 Kc6 31. Rc5+ Kd7 32. Rb5 Nxa4 33. Rxb4 Kc6 34.
Rc4+ Kd6 35. Kf1 g5 36. Ke2 Nb6 37. Rc2 Nd5 38. Be3 Ra2 39. Nc1 Ra4 40. b3 Ra3
41. Rc4 f5 42. g3 Bf6 43. Bd2 Kd7 44. Nd3 Ra2 45. Nc5+ Kd6 46. Kd3 Ra1 1/2-1/2

[Event "ch-Africa 2025"]
[Site "Kerdasa EGY"]
[Date "2025.05.14"]
[Round "3.18"]
[White "Naser Eldean, Ahmed"]
[Black "Ahmed, Moustafa Elsayed"]
[Result "0-1"]
[WhiteTitle "CM"]
[WhiteElo "2006"]
[BlackElo "2079"]
[WhiteFideId "9205365"]
[BlackFideId "10610804"]
[EventDate "2025.05.13"]

1. e4 c5 2. Nf3 Nc6 3. d4 cxd4 4. Nxd4 g6 5. c4 Nf6 6. Nc3 Nxd4 7. Qxd4 d6 8.
Be3 Bg7 9. f3 O-O 10. Qd2 Be6 11. Be2 a5 12. O-O a4 13. b3 Nd7 14. Rab1 axb3 15.
axb3 Qa5 16. Rfc1 Rfc8 17. Bd4 Bxd4+ 18. Qxd4 Qc5 19. Nb5 Ra2 20. Kf2 Ne5 21.
Kf1 f5 22. Ra1 Rca8 23. Rab1 fxe4 24. fxe4 Rf8+ 25. Ke1 Bg4 26. Bf1 Rf4 0-1

[Event "ch-Africa 2025"]
[Site "Kerdasa EGY"]
[Date "2025.05.14"]
[Round "3.21"]
[White "Donkeng Hussel"]
[Black "Ebosse Kingue Victor Patrick"]
[Result "1/2-1/2"]
[BlackTitle "FM"]
[WhiteElo "1910"]
[BlackElo "2002"]
[WhiteFideId "16401794"]
[BlackFideId "16400291"]
[EventDate "2025.05.13"]

1. e4 c5 2. Nf3 d6 3. d4 cxd4 4. Nxd4 Nf6 5. Nc3 a6 6. f4 e5 7. Nf3 Nbd7 8. Bd3
Be7 9. O-O O-O 10. Qe1 b5 11. Kh1 Bb7 12. a3 Rc8 13. Bd2 Re8 14. Qg3 Bf8 15.
fxe5 Nxe5 16. Nh4 g6 17. Nf5 Kh8 18. Nh6 Rc7 19. Bg5 Nh5 20. Qxe5+ dxe5 21. Bxd8
Rd7 22. Nxf7+ Kg7 23. Nxe5 Rxe5 24. Bh4 g5 25. Bf2 Kg6 26. Be2 Nf4 27. Bg4 Rd2
28. Be3 Rxc2 29. Bxf4 gxf4 30. Rxf4 Bh6 31. Rf5 Rxe4 32. Nxe4 Bxe4 33. Re5 Bxg2+
34. Kg1 Rxb2 35. Re2 Rxe2 36. Bxe2 Be4 37. Rd1 Be3+ 38. Kf1 Bc5 39. a4 bxa4 40.
Rc1 Bd6 41. Rc4 Bb7 42. Rxa4 Bxh2 43. Rh4 Be5 44. Bd3+ Kf7 45. Rxh7+ Bg7 46. Rh5
Bc8 47. Rc5 Bh3+ 48. Ke2 Bg4+ 49. Kd2 Bf8 50. Rc7+ Ke6 51. Bxa6 Kd6 52. Rh7 Bf5
53. Rh4 Be7 54. Rh6+ Ke5 55. Rb6 Bc5 56. Rb3 Be6 57. Rb1 Ba2 58. Rb2 Bd5 59. Bd3
Bf3 60. Rb5 Kd4 61. Rb8 Bd5 62. Kc2 Bc6 63. Rd8+ Ke3 64. Kc3 Be7 65. Rc8 Bd7 66.
Rc7 Bf6+ 67. Kb4 Be8 68. Bb5 Bh5 69. Rh7 Bf3 70. Rf7 Bh4 71. Kc5 Be4 72. Bc6 Bd3
73. Rf3+ Ke2 74. Kd4 Bf2+ 75. Ke5 Ba7 76. Ba8 Bb8+ 77. Kd4 Ba7+ 78. Kc3 Be3 79.
Rh3 Bf5 80. Rh2+ Bf2 81. Bd5 Ke3 82. Rh1 Bg3 83. Rf1 Be5+ 84. Kb3 Bd3 85. Re1+
Kd4 86. Rd1 Ke3 87. Bc4 Be4 88. Re1+ Kd4 89. Re2 Bf4 90. Ra2 Bf3 91. Ra7 Bd1+
92. Kb4 Bd2+ 93. Kb5 Bc2 94. Rd7+ Ke3 95. Re7+ Kd4 96. Be2 Be4 1/2-1/2

[Event "ch-Africa 2025"]
[Site "Kerdasa EGY"]
[Date "2025.05.14"]
[Round "3.23"]
[White "Cogan, Nicolas"]
[Black "Ahmed Moustafa, Fares"]
[Result "1-0"]
[WhiteTitle "CM"]
[WhiteElo "2099"]
[BlackElo "1968"]
[WhiteFideId "679356"]
[BlackFideId "54221285"]
[EventDate "2025.05.13"]

1. d4 Nf6 2. Nf3 e6 3. Bg5 d5 4. e3 h6 5. Bh4 Be7 6. Bd3 O-O 7. Nbd2 b6 8. O-O
c5 9. c3 Ba6 10. Bxa6 Nxa6 11. Ne5 Nb8 12. f4 Nfd7 13. Bxe7 Qxe7 14. Qh5 Nxe5
15. fxe5 Nd7 16. Rf3 f6 17. Qh4 Rae8 18. exf6 Nxf6 19. Raf1 e5 20. Rg3 Kh7 21.
Rgf3 e4 22. R3f2 cxd4 23. cxd4 Rc8 24. Nb1 b5 25. Nc3 Qd7 26. a3 a5 27. Rf5 Rfd8
28. h3 b4 29. axb4 axb4 30. Ne2 Rc2 31. Ng3 Rxb2 32. Rxf6 gxf6 33. Nf5 Kg6 34.
Qxh6+ Kf7 35. Nh4 Qe6 36. Qh7+ Ke8 37. Nf5 Qf7 38. Ng7+ Kd7 39. Qf5+ Kc6 40. Ne6
Rg8 41. Rc1+ Kb6 42. Nf4 Rd8 43. Rc5 Rb1+ 44. Kf2 Rb2+ 45. Ke1 Rd6 46. Qc8 Qd7
47. Qb8+ Ka6 48. Qa8+ Qa7 49. Ra5+ Kxa5 50. Qxa7+ Ra6 51. Qc5+ Ka4 52. Nxd5 Ka3
53. h4 f5 54. h5 Ra8 55. h6 Kb3 56. Qxb4+ Kc2 57. Qd2+ Kb3 58. Qc3+ Ka2 59. Nb4+
Ka1 60. Nc2+ Kb1 61. Na3+ Ka2 62. Nc2 Kb1 63. Kd1 Ra7 64. Nb4 Ka1 65. d5 Rb7 66.
Nc2+ Kb1 67. d6 R7b3 68. Qxb3 Rxb3 69. h7 Rd3+ 70. Ke2 Kxc2 71. h8=Q Rd2+ 72.
Ke1 Rxd6 73. Qc8+ Kd3 74. Qxf5 Kxe3 75. Qf2+ Kd3 76. Qd2+ 1-0

[Event "ch-Africa 2025"]
[Site "Kerdasa EGY"]
[Date "2025.05.14"]
[Round "3.24"]
[White "Elhusseiny, Eyad"]
[Black "Ndjolock Simon"]
[Result "1-0"]
[WhiteTitle "CM"]
[WhiteElo "2075"]
[BlackElo "1928"]
[WhiteFideId "10681523"]
[BlackFideId "16402480"]
[EventDate "2025.05.13"]

1. Nf3 Nf6 2. c4 c6 3. Nc3 d5 4. e3 e6 5. b3 Nbd7 6. Qc2 Bd6 7. Bb2 O-O 8. Be2
Re8 9. Rg1 e5 10. g4 e4 11. Nd4 Ne5 12. g5 Nfg4 13. cxd5 cxd5 14. h3 Nd3+ 15.
Bxd3 exd3 16. Qxd3 Ne5 17. Qc2 Bc5 18. Nce2 Bd7 19. f4 Rc8 20. Bc3 Ng6 21. Qb2
Qe7 22. Kd1 b5 23. b4 Bd6 24. Nf3 Bf5 25. Ne1 Rc4 26. Ng3 Bxh3 27. Nh5 Bxb4 28.
Bxb4 d4 29. Bxe7 Nxe7 30. Qxb5 Rec8 31. Nd3 dxe3 32. dxe3 Rc2 33. Rc1 Rxc1+ 34.
Nxc1 g6 35. Nf6+ Kg7 36. Qb2 Nf5 37. Ke2 Kf8 38. Nd3 Nd6 39. Nxh7+ Kg8 40. Nf6+
Kf8 41. Rc1 Rd8 42. Rh1 Be6 43. Rh8+ Ke7 44. Rxd8 Kxd8 45. Qb8+ Nc8 46. Ne5 Ke7
47. Qc7+ Kf8 48. Qd8+ 1-0

[Event "ch-Africa 2025"]
[Site "Kerdasa EGY"]
[Date "2025.05.15"]
[Round "4.1"]
[White "Amin, Bassem"]
[Black "Simpson, Michael"]
[Result "1-0"]
[WhiteTitle "GM"]
[BlackTitle "FM"]
[WhiteElo "2649"]
[BlackElo "2108"]
[WhiteFideId "10601457"]
[BlackFideId "14338882"]
[EventDate "2025.05.13"]

1. e4 c5 2. Nf3 d6 3. c3 Nf6 4. h3 Nc6 5. Bd3 e5 6. Bc2 d5 7. d3 Be7 8. O-O O-O
9. exd5 Nxd5 10. Re1 Qc7 11. Ba4 Bf6 12. Nbd2 Rd8 13. Bxc6 bxc6 14. Nc4 e4 15.
Qe2 Re8 16. dxe4 Ba6 17. Bd2 Re6 18. e5 Nb6 19. b3 Rd8 20. Bg5 Bxg5 21. Nxg5 Rg6
22. f4 Qe7 23. Ne4 Nd5 24. Qf2 Bxc4 25. bxc4 Nb6 26. Nd6 f6 27. Qxc5 fxe5 28.
fxe5 Re6 29. Ne4 Rxe5 30. Nf6+ Qxf6 31. Qxe5 1-0

[Event "ch-Africa 2025"]
[Site "Kerdasa EGY"]
[Date "2025.05.15"]
[Round "4.2"]
[White "Kandil, Ahmed"]
[Black "Fawzy, Adham"]
[Result "0-1"]
[WhiteTitle "FM"]
[BlackTitle "GM"]
[WhiteElo "2289"]
[BlackElo "2513"]
[WhiteFideId "10628401"]
[BlackFideId "10613129"]
[EventDate "2025.05.13"]

1. e4 c5 2. Nf3 Nc6 3. d4 cxd4 4. Nxd4 e5 5. Nb5 d6 6. N1c3 a6 7. Na3 b5 8. Nd5
Nf6 9. c4 b4 10. Nc2 a5 11. Bg5 Be7 12. Bxf6 Bxf6 13. Bd3 Bg5 14. O-O O-O 15. b3
Be6 16. Kh1 g6 17. g3 Bh6 18. f4 exf4 19. gxf4 Bg7 20. Rb1 Qh4 21. Qe1 Qh3 22.
Qg3 Ra7 23. Rfd1 Rb8 24. Bf1 Qxg3 25. hxg3 a4 26. Nde3 axb3 27. axb3 Rd8 28. Bg2
Bc3 29. e5 Na5 30. Rxd6 Rxd6 31. exd6 Rd7 32. Rd1 Nxb3 33. g4 f6 34. f5 Bf7 35.
Bc6 Rd8 36. d7 Nc5 37. Nd5 b3 38. Na3 Be5 39. Bb5 b2 40. Nb4 gxf5 41. gxf5 Bh5
42. Rg1+ Kf8 43. Kg2 Bg4 44. Nc6 Rxd7 45. Nxe5 Rd2+ 46. Kg3 Bxf5 47. Kf4 Be4 48.
Nd7+ Nxd7 49. Bxd7 Bg6 50. Rxg6 hxg6 51. Bc6 Rd4+ 0-1

[Event "ch-Africa 2025"]
[Site "Kerdasa EGY"]
[Date "2025.05.15"]
[Round "4.3"]
[White "Bellahcene, Bilel"]
[Black "Fadi, Marko"]
[Result "1-0"]
[WhiteTitle "GM"]
[BlackTitle "FM"]
[WhiteElo "2504"]
[BlackElo "2244"]
[WhiteFideId "696358"]
[BlackFideId "10605371"]
[EventDate "2025.05.13"]

1. e4 c5 2. Nf3 Nc6 3. Bb5 g6 4. O-O Bg7 5. Re1 a6 6. Bxc6 dxc6 7. e5 Bg4 8. h3
Bxf3 9. Qxf3 Nh6 10. g4 O-O 11. d3 f6 12. e6 g5 13. Qg2 Qe8 14. f4 gxf4 15. Bxf4
f5 16. g5 Bd4+ 17. Kf1 Ng4 18. c3 Bg7 19. Qg3 Qh5 20. Nd2 Rad8 21. Kg1 Rd5 22.
Nc4 b5 23. Nb6 Ne5 24. Nxd5 1-0

[Event "ch-Africa 2025"]
[Site "Kerdasa EGY"]
[Date "2025.05.15"]
[Round "4.4"]
[White "Ezat, Mohamed"]
[Black "George Samir, David"]
[Result "1-0"]
[WhiteTitle "IM"]
[BlackTitle "FM"]
[WhiteElo "2296"]
[BlackElo "2346"]
[WhiteFideId "10600906"]
[BlackFideId "10657789"]
[EventDate "2025.05.13"]

1. d4 d5 2. Nf3 Nf6 3. g3 c5 4. Bg2 cxd4 5. O-O h6 6. Bf4 Nbd7 7. Qxd4 e6 8. c4
Bc5 9. Qd3 O-O 10. Nc3 Re8 11. Ne5 Nxe5 12. Bxe5 Ng4 13. Bf4 e5 14. Bd2 dxc4 15.
Qc2 Be6 16. Rad1 Qe7 17. Nd5 Bxf2+ 18. Rxf2 Qc5 19. Be1 a5 20. h3 Nxf2 21. Bxf2
Qf8 22. Nc7 1-0

[Event "ch-Africa 2025"]
[Site "Kerdasa EGY"]
[Date "2025.05.15"]
[Round "4.5"]
[White "Wafa, Hamed"]
[Black "Boulrens, Ala Eddine"]
[Result "1-0"]
[WhiteTitle "IM"]
[WhiteElo "2367"]
[BlackElo "2136"]
[WhiteFideId "10628452"]
[BlackFideId "7907559"]
[EventDate "2025.05.13"]

1. e4 e5 2. Nf3 Nc6 3. Bb5 Nf6 4. O-O Nxe4 5. d4 Nd6 6. Ba4 e4 7. Ne5 Be7 8. Nc3
O-O 9. Re1 Nf5 10. Rxe4 Bf6 11. Nd5 Bxe5 12. dxe5 d6 13. exd6 Nxd6 14. Re1 Be6
15. Bf4 Bxd5 16. Qxd5 Qf6 17. Bxd6 Qxd6 18. Bxc6 bxc6 19. Qa5 Rfd8 20. h3 c5 21.
Re3 Qb6 22. Qc3 Rab8 23. Rae1 h6 24. b3 Qb4 25. Rg3 Qd4 26. Re4 Qxc3 27. Rxc3
Rd5 28. Rec4 Rb5 29. Ra4 Rb7 30. Ra5 Kf8 31. Raxc5 Rxc5 32. Rxc5 Ke7 33. Rc6 Kd7
34. Ra6 c6 35. Kf1 1-0

[Event "ch-Africa 2025"]
[Site "Kerdasa EGY"]
[Date "2025.05.15"]
[Round "4.6"]
[White "Kandil, Adham"]
[Black "Mena, Martin"]
[Result "1/2-1/2"]
[WhiteTitle "IM"]
[BlackTitle "FM"]
[WhiteElo "2265"]
[BlackElo "2044"]
[WhiteFideId "10618490"]
[BlackFideId "10651225"]
[EventDate "2025.05.13"]

1. e4 e6 2. d4 d5 3. e5 c5 4. c3 Nc6 5. g3 Bd7 6. Ne2 Nge7 7. Bh3 Nf5 8. Bxf5
exf5 9. Be3 Qb6 10. b3 Nd8 11. O-O Ne6 12. c4 cxd4 13. Nxd4 Nxd4 14. Bxd4 Qc6
15. cxd5 Qxd5 16. Nc3 Qe6 17. Ne2 g5 18. Bb2 Bc5 19. Rc1 Bb6 20. Nd4 Bxd4 21.
Qxd4 O-O 22. Rfd1 Bc6 23. f4 g4 24. Rc4 Bf3 25. Rd2 Qb6 26. Qxb6 axb6 27. a4 Bc6
28. Rb4 Rfd8 29. Bd4 b5 30. axb5 Bf3 31. Kf2 Ra1 32. Rc4 Rh1 33. Ke3 Be4 34. Bc3
Rxd2 35. Rc8+ Kg7 36. Kxd2 Rxh2+ 37. Ke3 Kh6 38. Rg8 Rg2 39. Be1 Rb2 40. Rg5
Rxb3+ 41. Kd4 Rxb5 42. Kc4 Rxe5 43. Bb4 Re8 44. Bc3 Rc8+ 45. Kb4 f6 46. Bxf6 Rc7
47. Be5 Re7 48. Bd6 Rf7 49. Kc5 Bd3 50. Kd4 Bc2 51. Ke5 Bb3 52. Rg8 Rg7 53. Bf8
Bxg8 54. Kf6 b5 55. Bxg7+ Kh5 56. Bf8 Bc4 57. Kxf5 Bd3+ 58. Kf6 Bb1 59. Bb4 Bc2
60. Bd2 Bd3 61. f5 h6 62. Ke6 b4 63. f6 Bc4+ 64. Kf5 b3 65. Bc3 Bd3+ 66. Kf4 Bg6
67. Bb2 Be8 68. Bc3 Bf7 69. Kf5 Bc4 70. Bb2 Bd3+ 71. Kf4 Bg6 72. Ke5 Be8 73. Kf4
Bf7 74. Kf5 1/2-1/2

[Event "ch-Africa 2025"]
[Site "Kerdasa EGY"]
[Date "2025.05.15"]
[Round "4.7"]
[White "Ahmed, Moustafa Elsayed"]
[Black "Ashraf, Shereif"]
[Result "1/2-1/2"]
[BlackTitle "FM"]
[WhiteElo "2079"]
[BlackElo "2264"]
[WhiteFideId "10610804"]
[BlackFideId "10618260"]
[EventDate "2025.05.13"]

1. d4 Nf6 2. c4 e6 3. g3 d5 4. Bg2 Bb4+ 5. Nd2 O-O 6. a3 Be7 7. Ngf3 a5 8. O-O
b6 9. Qc2 Bb7 10. Ne5 c5 11. Rd1 Na6 12. cxd5 exd5 13. e4 cxd4 14. Nc6 Bxc6 15.
Qxc6 dxe4 16. Nxe4 Rc8 17. Qb5 Nxe4 18. Bxe4 Nc5 19. Bf5 Ra8 20. Bf4 a4 21. Rac1
Ra5 22. Qe2 Bf6 23. Rc4 g6 24. Bb1 Re8 25. Qf3 Ne6 26. Bd2 Ra7 27. Re1 Bg7 28.
Rec1 Nc5 29. Bb4 Nb3 30. Rd1 Rd7 31. Qc6 Re5 32. Bd3 Na5 33. Bxa5 Rxa5 34. Re1
Bf8 35. Rc2 Rd6 36. Qb7 Rd7 37. Rc8 Rxb7 38. Rxd8 Kg7 39. Rxd4 1/2-1/2

[Event "ch-Africa 2025"]
[Site "Kerdasa EGY"]
[Date "2025.05.15"]
[Round "4.9"]
[White "Amdouni, Zoubaier"]
[Black "Abdallah, Mohamed Khalil"]
[Result "1-0"]
[WhiteTitle "FM"]
[BlackTitle "CM"]
[WhiteElo "2226"]
[BlackElo "2123"]
[WhiteFideId "5500419"]
[BlackFideId "5529506"]
[EventDate "2025.05.13"]

1. e4 c5 2. Nc3 Nc6 3. f4 g6 4. Nf3 Bg7 5. Bc4 e6 6. d3 Nge7 7. e5 d5 8. Bb5 O-O
9. O-O Nb8 10. b4 cxb4 11. Ne2 Qb6+ 12. Ned4 Nf5 13. Bb2 Nc6 14. Bxc6 bxc6 15.
Qe1 c5 16. Nxf5 exf5 17. d4 c4 18. Rb1 a5 19. a3 Bd7 20. axb4 axb4 21. Bc3 b3
22. cxb3 cxb3 23. Bb4 Rfb8 24. Bc5 Qa6 25. Rf2 Ba4 26. Rfb2 Qd3 27. Qd2 Qb5 28.
Qe3 Rc8 29. Nd2 Qa6 30. Nxb3 Bb5 31. Nd2 Bd7 32. Nf3 h6 33. Ne1 Be6 34. h4 Qa5
35. Rb6 Qa4 36. Qg3 Qc6 37. Rb7 Qe8 38. h5 gxh5 39. Qh4 Kh7 40. Qxh5 Bd7 41. Nf3
Ra6 42. Nh4 Rca8 43. Nxf5 Ra1 44. Nd6 Qd8 45. Qxf7 R8a2 46. e6 Qh4 47. Qf5+ 1-0

[Event "ch-Africa 2025"]
[Site "Kerdasa EGY"]
[Date "2025.05.15"]
[Round "4.10"]
[White "Nader Obeid"]
[Black "Ahmed, Ahmed Alaa"]
[Result "0-1"]
[WhiteTitle "FM"]
[WhiteElo "2069"]
[BlackElo "2223"]
[WhiteFideId "12200085"]
[BlackFideId "10624562"]
[EventDate "2025.05.13"]

1. c4 Nf6 2. Nc3 e5 3. Nf3 Nc6 4. e3 Bb4 5. d4 exd4 6. exd4 O-O 7. Be2 d5 8. O-O
dxc4 9. Bxc4 h6 10. Be3 Na5 11. Be2 Nc6 12. Ne5 Ne7 13. Qb3 Bxc3 14. bxc3 c6 15.
Rad1 b5 16. d5 cxd5 17. Bc5 Qc7 18. Qa3 Qxe5 19. Bd3 Ng6 20. Rfe1 Qg5 21. Bxg6
Bh3 22. g3 fxg6 23. Bxf8 Rxf8 24. Qxa7 Ne4 25. f4 Rxf4 26. Qa8+ Kh7 27. Rxd5
Rf1+ 28. Rxf1 Qe3+ 0-1

[Event "ch-Africa 2025"]
[Site "Kerdasa EGY"]
[Date "2025.05.15"]
[Round "4.11"]
[White "Adly, Ahmed"]
[Black "Musonda Chola"]
[Result "1-0"]
[WhiteTitle "GM"]
[BlackTitle "FM"]
[WhiteElo "2597"]
[BlackElo "2127"]
[WhiteFideId "10601619"]
[BlackFideId "8706050"]
[EventDate "2025.05.13"]

1. Nf3 Nf6 2. e3 c5 3. c4 Nc6 4. b3 e6 5. Bb2 d5 6. a3 a5 7. cxd5 exd5 8. d4 Bd6
9. Nc3 cxd4 10. Nxd4 O-O 11. Be2 Re8 12. Ncb5 Bb8 13. Qc2 Ne5 14. Rc1 Bg4 15.
Nc7 Bxc7 16. Qxc7 Rc8 17. Qxd8 Rexd8 18. f3 Rxc1+ 19. Bxc1 Bd7 20. a4 Nc6 21.
Bb2 Ne8 22. Kd2 Nc7 23. Bc3 Ra8 24. Rd1 Ne6 25. Nb5 Nc5 26. Kc2 Na6 27. Kb2 Re8
28. e4 Be6 29. Nd6 d4 30. Nxe8 dxc3+ 31. Kxc3 Nc5 32. Bc4 Kf8 33. Bxe6 fxe6 34.
Nd6 e5 35. Rd5 b6 36. Nc4 Nd4 37. Nxb6 1-0

[Event "ch-Africa 2025"]
[Site "Kerdasa EGY"]
[Date "2025.05.15"]
[Round "4.12"]
[White "Khalil, Ahmed Salem"]
[Black "Abdelnabbi, Imed"]
[Result "1/2-1/2"]
[WhiteTitle "CM"]
[BlackTitle "IM"]
[WhiteElo "2102"]
[BlackElo "2385"]
[WhiteFideId "10616624"]
[BlackFideId "10600035"]
[EventDate "2025.05.13"]

1. Nf3 b6 2. c4 Bb7 3. d4 e6 4. g3 Nf6 5. Bg2 Bb4+ 6. Bd2 Be7 7. Bc1 Bb4+ 8. Bd2
Be7 9. Bc1 Bb4+ 10. Bd2 Be7 1/2-1/2